Movies Quiz

Random Movies Quiz

Gangs of The Warriors Quiz Stats

 Plays Quiz not verified by Sporcle

Challenge
Share
Tweet
Embed
Score 0/83 Timer 15:00
0 Plays Today
Gang % Correct
The Warriors
95.6%
The Gramercy Riffs
76.3%
The Baseball Furies
72.8%
The Orphans
70.2%
The Rogues
62.3%
The Lizzies
58.8%
The Turnbull AC's
57%
The Hi Hats
54.4%
The Moonrunners
50.9%
The Punks
50.9%
The Boppers
48.2%
The Jones Street Boys
46.5%
The Electric Eliminators
41.2%
The Hurricanes
36%
The Savage Huns
36%
The Panzers
34.2%
The Saracens
32.5%
The Van Cortlandt Rangers
21.1%
The Alleycats
12.3%
The Black Hands
10.5%
The Blackjacks
10.5%
The Gladiators
10.5%
The Dingos
9.6%
The Go Hards
9.6%
The Imps
9.6%
The Zulus
9.6%
The Amsterdam All-Stars
8.8%
The Colt 45's
8.8%
Gang % Correct
The Dealers
8.8%
The Huks
8.8%
The Jesters
8.8%
The Meatpackers
8.8%
The Yo-Yo's
8.8%
The Zodiacs
8.8%
The Boyle Avenue Runners
7.9%
The Eighth Avenue Apaches
7.9%
The Gerrards
7.9%
The Gun Hill Dancers
7.9%
The Jupiters
7.9%
The Knockdowns
7.9%
The Xylophones
7.9%
The Delaney Rovers
7%
The E Street Shufflers
7%
The Easy Aces
7%
The Filmores
7%
The Five Points
7%
The High Rollers
7%
The Hoplites
7%
The Howitzers
7%
The Locos
7%
The Queens Bridge Mutilators
7%
The Charlemagnes
6.1%
The Fifth Street Bombers
6.1%
The Firetasters
6.1%
The Homeboys
6.1%
The Judas Bunch
6.1%
Gang % Correct
The Knuckles
6.1%
The Magicians
6.1%
The Ninth Avenue Razors
6.1%
The Whispers
6.1%
The Xenophones
6.1%
The Big Trains
5.3%
The Fastballs
5.3%
The Napoleons
5.3%
The Nightriders
5.3%
The Phillies
5.3%
The Runaways
5.3%
The Shanghai Sultans
5.3%
The Southern Cross
5.3%
The Stilletos
5.3%
The Turks
5.3%
The Youngbloods
5.3%
The Plainsmen
4.4%
The Real Boys
4.4%
The Red Hook Shooters
4.4%
The Roadmasters
4.4%
The Romans
4.4%
The Saratogas
4.4%
The Speedwagons
4.4%
The Terriers
4.4%
The Stevedores
3.5%
The Stonebreakers
3.5%
The Nickel Streaks
1.8%

You're not logged in!

Compare scores with friends on all Sporcle quizzes.
Join for Free
OR
Log In

You Might Also Like...

Show Comments

Extras

Created Jan 30, 2011SourceReportNominate
Tags:gang, The Warriors, warrior

Top Quizzes Today


Score Distribution

Your Account Isn't Verified!

In order to create a playlist on Sporcle, you need to verify the email address you used during registration. Go to your Sporcle Settings to finish the process.

Report this User

Report this user for behavior that violates our Community Guidelines.

Details: